| 000 | 00563nam a2200193Ia 4500 | ||
|---|---|---|---|
| 005 | 20260120124414.0 | ||
| 008 | 008 260114s9999 xx 000 0 eng d | ||
| 020 | _a9781800431898 | ||
| 037 | _aEBOOK | ||
| 040 |
_aCRL _beng _cCRL |
||
| 041 |
_aeng _2eng |
||
| 084 | _qCRL | ||
| 100 |
_aJames Fowler _9906025 |
||
| 245 | 0 | _aStrategy and Managed Decline: London Transport 1948?87 | |
| 260 |
_bEmerald Publishing _c2021 |
||
| 856 | _uhttps://www.emerald.com/insight/publication/doi/10.1108/9781800431881 | ||
| 942 | _cEBOOK | ||
| 999 |
_c1497707 _d1497707 |
||